| 000 | 00829naa a2200217 4500 | ||
|---|---|---|---|
| 005 | 20090520155417.0 | ||
| 008 | 090520t xxu||||| |||| 00| 0 eng d | ||
| 010 | _aENG-93632 | ||
| 020 |
_a9788188449547 _c210.00 |
||
| 035 | _aEN-77165 | ||
| 037 | _bDBAD / PUB | ||
| 040 |
_adpl _bEnglish |
||
| 082 | _a615.10285 | ||
| 100 | _aTiwari, N.K. | ||
| 245 |
_aComputer fundamentals with pharmacy applications / _cby N.K. Tiwari |
||
| 260 |
_aHyderabad _bPharmaMed Press _c2008 |
||
| 270 |
_a4-4-316, Firiraj Lane Sultan Bazar, _bHyderabad _e500095 |
||
| 300 |
_axv, 288p. _c25cm(pbk) |
||
| 942 |
_adpl _cEN _2ddc _mTIW _h615.10285 |
||
| 999 |
_c26638 _d26638 |
||